[Event "Vilafranca del Penedes op 5th"]
[Site "Vilafranca del Penedes"]
[Date "2011.04.08"]
[Round "1.1"]
[White "Zumel Roman, David"]
[Black "Rojas Keim, Luis Alberto"]
[Result "0-1"]
[WhiteElo "1734"]
[BlackElo "2432"]
[PlyCount "90"]
[EventDate "2011.04.08"]
[EventType "swiss"]
[EventRounds "8"]
[EventCountry "ESP"]
[SourceTitle "EXT 2024"]
[Source "ChessBase"]
[SourceDate "2023.10.10"]
[SourceVersion "1"]
[SourceVersionDate "2023.10.10"]
[SourceQuality "1"]

1. c4 e5 2. Nc3 Nf6 3. g3 c6 4. Bg2 d5 5. cxd5 cxd5 6. d3 Nc6 7. Bg5 Be6 8. e3 Qa5 9. Bxf6 gxf6 10. d4 Rd8 11. a3 Bg7 12. Nge2 0-0 13. 0-0 Ne7 14. f4 Nf5 15. Qd2 Nd6 16. b4 Nc4 17. bxa5 Nxd2 18. Rf2 Nb3 19. Rb1 Nxa5 20. f5 Bc8 21. Nxd5 Rfe8 22. Nec3 Nc4 23. a4 Nd6 24. Rbf1 Bd7 25. g4 Bc6 26. h4 Nc4 27. g5 Nxe3 28. Nxe3 exd4 29. Bxc6 bxc6 30. Ng4 dxc3 31. Nxf6+ Bxf6 32. gxf6 Rd6 33. Rc1 Rxf6 34. Rxc3 Re4 35. Rg2+ Kf8 36. Rb3 Rxf5 37. Rb8+ Ke7 38. Rb7+ Kf6 39. Rxa7 Rxh4 40. a5 Ra4 41. a6 Ra1+ 42. Kh2 Rh5+ 43. Kg3 Rg5+ 44. Kh2 Rxg2+ 45. Kxg2 Ra3 0-1